<?xml version="1.0" encoding="UTF-8"?>
<record
    xmlns:xsi="http://www.w3.org/2001/XMLSchema-instance"
    xsi:schemaLocation="http://www.loc.gov/MARC21/slim http://www.loc.gov/standards/marcxml/schema/MARC21slim.xsd"
    xmlns="http://www.loc.gov/MARC21/slim">

  <leader>01348nam0a2200325   4500</leader>
  <controlfield tag="001">RU\NLR\bibl\1841639</controlfield>
  <controlfield tag="005">20260406071344.0</controlfield>
  <datafield tag="010" ind1=" " ind2=" ">
    <subfield code="a">978-5-399-00314-6</subfield>
    <subfield code="9">10000</subfield>
  </datafield>
  <datafield tag="021" ind1=" " ind2=" ">
    <subfield code="a">RU</subfield>
    <subfield code="b">2011-88475</subfield>
    <subfield code="9">6314</subfield>
  </datafield>
  <datafield tag="035" ind1=" " ind2=" ">
    <subfield code="a">(NLR Aleph) 001832097</subfield>
  </datafield>
  <datafield tag="090" ind1=" " ind2=" ">
    <subfield code="a">2153275</subfield>
    <subfield code="c">2153275</subfield>
  </datafield>
  <datafield tag="100" ind1=" " ind2=" ">
    <subfield code="a">20111130d2011    |||y0rusy50      ca</subfield>
  </datafield>
  <datafield tag="101" ind1="1" ind2=" ">
    <subfield code="a">rus</subfield>
    <subfield code="c">eng</subfield>
  </datafield>
  <datafield tag="102" ind1=" " ind2=" ">
    <subfield code="a">RU</subfield>
  </datafield>
  <datafield tag="105" ind1=" " ind2=" ">
    <subfield code="a">a   |||||||||</subfield>
  </datafield>
  <datafield tag="200" ind1="1" ind2=" ">
    <subfield code="a">&#x422;&#x430;&#x439;&#x43D;&#x44B;&#x435; &#x43F;&#x438;&#x441;&#x44C;&#x43C;&#x430; &#x43C;&#x43E;&#x43D;&#x430;&#x445;&#x430;, &#x43A;&#x43E;&#x442;&#x43E;&#x440;&#x44B;&#x439; &#x43F;&#x440;&#x43E;&#x434;&#x430;&#x43B; &#x441;&#x432;&#x43E;&#x439; "&#x444;&#x435;&#x440;&#x440;&#x430;&#x440;&#x438;"</subfield>
    <subfield code="f">&#x420;&#x43E;&#x431;&#x438;&#x43D; &#x428;&#x430;&#x440;&#x43C;&#x430;</subfield>
    <subfield code="g">[&#x43F;&#x435;&#x440;. &#x441; &#x430;&#x43D;&#x433;&#x43B;. &#x41E;. &#x426;&#x432;&#x435;&#x442;&#x43A;&#x43E;&#x432;&#x43E;&#x439;]</subfield>
  </datafield>
  <datafield tag="210" ind1=" " ind2=" ">
    <subfield code="a">&#x41C;&#x43E;&#x441;&#x43A;&#x432;&#x430;</subfield>
    <subfield code="c">&#x421;&#x43E;&#x444;&#x438;&#x44F;</subfield>
    <subfield code="d">2011</subfield>
  </datafield>
  <datafield tag="215" ind1=" " ind2=" ">
    <subfield code="a">254, [1] &#x441;.</subfield>
    <subfield code="c">&#x438;&#x43B;.</subfield>
    <subfield code="d">20</subfield>
  </datafield>
  <datafield tag="300" ind1=" " ind2=" ">
    <subfield code="a">&#x417;&#x430;&#x433;&#x43B;. &#x438; &#x430;&#x432;&#x442;. &#x43E;&#x440;&#x438;&#x433;.: The secret letters of the Monk who sold his Ferrari / Robin Sharma</subfield>
  </datafield>
  <datafield tag="454" ind1=" " ind2="0">
    <subfield code="1">2001#$aThe secret letters of the Monk who sold his Ferrari</subfield>
    <subfield code="1">700#1$3RU\NLR\auth\7782527$7ba$aSharma$bR. S.$gRobin S.$4070</subfield>
    <subfield code="t">The secret letters of the Monk who sold his Ferrari</subfield>
    <subfield code="a">Sharma, Robin S.</subfield>
  </datafield>
  <datafield tag="606" ind1="1" ind2=" ">
    <subfield code="a">&#x414;&#x443;&#x445;&#x43E;&#x432;&#x43D;&#x44B;&#x435; &#x43F;&#x440;&#x430;&#x43A;&#x442;&#x438;&#x43A;&#x438;</subfield>
    <subfield code="9">2140377</subfield>
    <subfield code="3">RU\NLR\auth\661290122</subfield>
  </datafield>
  <datafield tag="686" ind1=" " ind2=" ">
    <subfield code="a">&#x42E;969</subfield>
  </datafield>
  <datafield tag="686" ind1=" " ind2=" ">
    <subfield code="a">&#x42E;937.231</subfield>
  </datafield>
  <datafield tag="700" ind1=" " ind2="1">
    <subfield code="4">070</subfield>
    <subfield code="8">rus</subfield>
    <subfield code="7">ca</subfield>
    <subfield code="a">&#x428;&#x430;&#x440;&#x43C;&#x430;</subfield>
    <subfield code="b">&#x420;. &#x421;.</subfield>
    <subfield code="f">1965-</subfield>
    <subfield code="g">&#x420;&#x43E;&#x431;&#x438;&#x43D; &#x421;.</subfield>
    <subfield code="3">RU\NLR\auth\7727943</subfield>
    <subfield code="9">10974</subfield>
  </datafield>
  <datafield tag="801" ind1=" " ind2="0">
    <subfield code="a">RU</subfield>
    <subfield code="b">NLR</subfield>
    <subfield code="c">20111130</subfield>
    <subfield code="g">RCR</subfield>
  </datafield>
  <datafield tag="801" ind1=" " ind2="1">
    <subfield code="a">RU</subfield>
    <subfield code="b">NLR</subfield>
    <subfield code="c">20111130</subfield>
  </datafield>
  <datafield tag="942" ind1=" " ind2=" ">
    <subfield code="c">BOOK</subfield>
  </datafield>
  <datafield tag="980" ind1=" " ind2=" ">
    <subfield code="a">NB</subfield>
  </datafield>
  <datafield tag="980" ind1=" " ind2=" ">
    <subfield code="a">NBR</subfield>
  </datafield>
  <datafield tag="995" ind1=" " ind2=" ">
    <subfield code="5">2011-11-30</subfield>
    <subfield code="a">ad</subfield>
    <subfield code="b">NLR01</subfield>
    <subfield code="c">NLR01</subfield>
    <subfield code="e">RF8</subfield>
    <subfield code="f">3546143</subfield>
    <subfield code="k">2011-3/38054</subfield>
    <subfield code="o">0</subfield>
    <subfield code="r">BOOK</subfield>
    <subfield code="s">2011338054_</subfield>
  </datafield>
  <datafield tag="995" ind1=" " ind2=" ">
    <subfield code="5">2011-11-30</subfield>
    <subfield code="a">ad</subfield>
    <subfield code="b">NLR01</subfield>
    <subfield code="c">NLR01</subfield>
    <subfield code="e">RF8</subfield>
    <subfield code="f">3546146</subfield>
    <subfield code="k">2011-3/38054</subfield>
    <subfield code="o">0</subfield>
    <subfield code="r">BOOK</subfield>
    <subfield code="s">2011338054_</subfield>
  </datafield>
</record>
